000 00661nam a2200229 a 4500
005 20191224041520.0
008 140220b1994 ck ||||| |||| 00| 0 spa d
040 _aCO-BoIAVH
_cCO-BoIAVH
041 _aspa
044 _ack
090 _aLB
_b00244
110 _bUniversidad Nacional de Colombia. Facultad de Ciencias
_97115
245 _aColombia oceánica
_bregión pacífica, isla Gorgona
260 _aBogotá
_bICN
_c1994?
300 _a54 p.
650 _aInventarios floristicos
_97117
650 _aBosque húmedo tropical
_93501
650 _aFisionomia
_914262
650 _aComposición
_92531
650 _aVegetación
_942502
942 _cINFORME
_2z
999 _c264
_d264